000 00364nam a2200157Ia 4500
008 230524s9999 xx 000 0 und d
082 _a537
_bTAY
100 _aD.C.Tayal
245 0 _aElectricity And Magnetism
250 _a2ND
260 _aNEW DELHI
_bHimalya
_c2002
300 _aXII;754
500 _aQuantity Number: 20
650 _aPhysics
942 _cBK
999 _c8865
_d8865